| 000 | 00576nam a22001337a 4500 | ||
|---|---|---|---|
| 020 | _a3-540-53771-6 | ||
| 082 | _a621.4025 EUR'R | ||
| 100 |
_aHEGGS, P. J, ROELTZEL, W, BUTTERWORTH, D _967233 |
||
| 245 | _aDESIGN AND OPERATION OF HEAT EXCHANGERS, PROCEDINGS OF THE EUROTHERM SEMINAR NO 18, FEB 27-MAR 1991 | ||
| 260 |
_aNEWYORK _bSPRINGER VERLAG _c1991 |
||
| 300 | _a439P | ||
| 650 |
_aGEN PROBLEM 3-39 SHELL AND TUBE HEAT EXCHANGERS 53-111 CROSS FLOW HEAT EXCHANGERS 125-210 PLATE HEAT EXCHABGERS 223-280 REGENERATION 295-305 MULTIPHASE SYSTEMS 317-420 _967234 |
||
| 942 | _cBK | ||
| 999 |
_c575056 _d575056 |
||